000 00306nam a2200109Ia 4500
008 190216s9999||||xx |||||||||||||| ||und||
100 _a"Hingorani N L,Ramanathan,&Amp;Grewal Ts"
245 0 _aHindi-Aum Pade Aur Swojem
260 _bNational Council Of Educational Research
650 _aHindi
942 _cBK
999 _c15229
_d15229